Geografia - Statistics

Estatísticas Gerais
  • Esse quiz foi jogado 100 vezes
  • A pontuação média é 3 de 13
Estatísticas das Respostas
Hint Resposta % Correto
Que nome se dá á ciência que estuda os fenómenos naturais e humanos que ocorrem na superfície terrestre? Geografia
70%
Qual é a camada gasosa que envolve o planeta? Atmosfera
58%
Que nome se dá á paisagem que não sofreu qualquer intervenção humana? Natural
26%
Que nome damos á parte exterior e sólida da Terra? Litosfera
20%
Qual a ciência que estuda os fenómenos naturais que ocorrem na superfície terrestre? Geografia física
19%
Que nome se dá a um espaço dinâmico constituída por elementos naturais e/ou humanos que interagem entre si, sofrendo assim constantes transformações? Paisagem
16%
Quais os elementos que se relaciona com a natureza e sem intervenção humana? Naturais
14%
Qual a superfície onde fica toda a água existente no planeta, nos estados sólido e líquido? Hidrosfera
13%
Qual é a ciência que estuda os fenómenos humanos que ocorrem na superfície terrestre? Geografia humana
9%
Que nome se dá aos elementos que resultam da ação humana? Humanos
2%
Que no e se dá á paisagem humana que é formada por áreas de grande densidade de edifícios? Urbanas
2%
Que nome se dá ás paisagens humanas onde podemos observar várias indústrias? Industriais
1%
Que nome se dá á paisagem humana onde predominam campos de cultivo? Rurais
1%
Nenhum quiz correspondente encontrado
Distribuição das Pontuações
Porcentagem de Pessoas com Cada Pontuação
Percentil de Números Respondidos
Sua Pontuação Histórica
Você não jogou esse quiz